|
|
|
|
| LEADER |
00000nam2a2200000 4500 |
| 001 |
359187 |
| 005 |
20231102011152.0 |
| 035 |
|
|
|a (RuTPU)RU\TPU\retro\16459
|
| 090 |
|
|
|a 359187
|
| 100 |
|
|
|a 20200924d1977 m y0rusy50 ca
|
| 101 |
1 |
|
|a rus
|c bul
|
| 102 |
|
|
|a RU
|
| 105 |
|
|
|a a z 000ay
|
| 200 |
0 |
|
|a Т. 1 : Поручик Бенц,. Осужденные души
|
| 210 |
|
|
|d 1977
|
| 215 |
|
|
|a 462 с.
|c портр.
|
| 330 |
|
|
|a В первый том Собрания сочинений Димитра Димова - выдающегося болгарского писателя, лауреата Димитровской премии - включены два романа. В романе "Поручик Бенц", действие которого развертывается в конце первой мировой войны, разоблачается политика монархистской Болгарии, показано катастрофическое положение страны. В социально-психологическом романе "Осужденные души" воссоздаются героические и трагические события периода гражданской войны в Испании, на фоне которых развивается история любви испанского монаха-иезуита и молодой англичанки.
|
| 461 |
|
1 |
|0 (RuTPU)RU\TPU\retro\16458
|t Собрание сочинений
|o в 4 т.
|o пер. с болг.
|f Д. Димов
|v Т. 1 : Поручик Бенц,. Осужденные души
|d 1977-1978
|
| 606 |
1 |
|
|a Зарубежная литература
|2 stltpush
|3 (RuTPU)RU\TPU\subj\11363
|9 38310
|
| 610 |
1 |
|
|a болгарская литература
|
| 610 |
1 |
|
|a романы
|
| 675 |
|
|
|a 89д-1
|v 4
|
| 801 |
|
1 |
|a RU
|b 63413507
|c 20200924
|
| 801 |
|
2 |
|a RU
|b 63413507
|c 20201207
|g RCR
|
| 942 |
|
|
|c BK
|